000 00790nam a2200181 i 4500
001 180510
003 ES-MaACL
005 20230906221122.0
008 120608s1888 fr |||| | fre d
100 0 _aRodd, Rennell.
_998102
245 1 0 _aFrédéric III : le prince héritier - l'empereur
_b: esquisse bibliographique dédiée à sa mémoire /
_cpar Rennell Rodd ; publié sous la direction et avec une introduction S. M. l'impératrice Frédéric.
250 _a7em. ed.
260 _aParis :
_bPaul Ollendorff,
_c1888.
300 _a285 p., [1] h. de lám. ;
_c19 cm.
600 1 4 _aFederico
_bIII
_cEmperador del Sacro Imperio Romano Germánico.
_9150451
700 1 _aVictoria Adelaida,
_cEmperatriz de Alemania.
_9150452
852 _aES-MaACL
_jD-3538
_z.- Legado M. de la Fuente
999 _c180510
_d180510